000 00563nam a2200217Ia 4500
003 0100
008 130303s9999 xx 000 0 und d
040 _cARRUPELIB
050 _aHC940.M52 1997
100 _aMlambo, A.S
245 4 _aThe Economic Structural Adjustment Programme
245 _bThe Case of Zimbabwe, 1990-1995
260 _aHarare
260 _bUniversity of Zimbabwe Publications
260 _C1997
300 _a105p.
300 _b 22cm
650 _bCrusades
650 _cChurch history-Middle Ages, 600-1500
942 _2lcc
_02
999 _c60258
_d60258